Writing up qualitative research

Αποθηκεύτηκε σε:
Λεπτομέρειες βιβλιογραφικής εγγραφής
Κύριος συγγραφέας: Wolcott, Harry F. 1929-
Μορφή: Βιβλίο
Γλώσσα:English
Δημοσίευση: London : Sage Publications, c1990
Σειρά:Qualitative research methods ; 20
Θέματα:
Ετικέτες: Προσθήκη ετικέτας
Δεν υπάρχουν, Καταχωρήστε ετικέτα πρώτοι!

MARC

LEADER 00000nam a2200000 i 4500
001 1/84862
008 990628s1990 eng d
020 |a 0-8039-3792-X 
035 |l 10051706 
040 |a GR-MY-UA  |b gre  |e aacr 
041 0 |a eng 
082 0 |a 808.0666 
100 1 |a Wolcott, Harry F.  |d 1929- 
245 1 0 |a Writing up qualitative research /  |c Harry F. Wolcott 
260 |a London :   |b Sage Publications,   |c c1990 
300 |a 94 p. 
490 1 |a Qualitative research methods  |v ; 20 
504 |a Includes bibliographical references 
650 0 0 |a Technical writing. 
650 0 0 |a Ethnology  |x Authorship. 
852 |a INST  |b LESVOS  |e 19990628  |h 808.0666 WOL  |p 005100015976  |q 005100015976  |t BK  |y 0 
901 |a BIBL1-1999-2 
909 |a Λ  |b 062543 
922 |a 1ΕΛΗ  |b 199812  |c ΚΠΣ/ΤΓ  |d LEADER 
950 |a 118-1998-10-19 
970 |a ΜΟΥΣΤΑΚΑ  |b ΠΗΝΕΛΟΠΗ  |z 1999/06/30